000 00400nam a2200157Ia 4500
008 230917s9999||||xx |||||||||||||| ||und||
020 _cRS100
040 _e12625
_aMAIN
041 _aEnglish
082 _a301.44 D262E
100 _aRay, B Datta, ed
245 0 _aEmergence and role of middle class in north east India
260 _aNew Delhi
_bUppal
_c1983
300 _axix,279 p.
942 _cBK
999 _c39328
_d39328